000 00732nam a2200229Ia 4500
003 GCL
008 140319s9999 xx 000 0 ara d
040 _aGCL /
_cGCL
082 0 4 _a953.078
_bر ج
100 1 _aرشيد الدين فضل الله
245 1 0 _aجامع التواريخ /
_cرشيد الدين فضل الله
260 _aبيروت :
_bدار النهضة العربية للطباعة والنشر
300 _a379ص ؛
_c25 سم
490 _a
650 0 4 _aالسلالات البشرية
650 0 4 _aالمغول والتتار
650 0 4 _aجنكيزخان
650 0 4 _aهولاكو
650 0 4 _aالمغول والتتار - تراجم
650 0 4 _aتولوى خان
942 _2ddc
_cBK
999 _c38696
_d38696